LEADER 00937nam0-22003131--450- 001 990009139780403321 005 20100707101626.0 035 $a000913978 035 $aFED01000913978 035 $a(Aleph)000913978FED01 035 $a000913978 100 $a20100201d1916----km-y0itay50------ba 101 0 $aita 102 $aIT 105 $a--------001yy 200 1 $a<>guerra ed il diritto pubblico interno italiano$fErrico Presutti 210 $aNapoli$cStab. Tipo. Diritto e giurisprudenza$d1916 215 $a32 p.$din 8° 300 $aEstr. da: Diritto e Giurisprudenza 676 $a355.02$v12 rid. 676 $a342.45$v12 rid. 700 1$aPresutti,$bErrico$f<1870-1949>$0322105 801 0$aIT$bUNINA$gRICA$2UNIMARC 901 $aBK 912 $a990009139780403321 952 $aBUSTA 18 (3) 24$b33584$fFGBC 959 $aFGBC 996 $aGuerra ed il diritto pubblico interno italiano$9782915 997 $aUNINA LEADER 05823nam 22006972 450 001 9910465392603321 005 20151005020621.0 010 $a1-107-23663-0 010 $a1-107-30163-7 010 $a1-107-67589-8 010 $a1-107-31447-X 010 $a1-107-30579-9 010 $a1-139-20847-0 010 $a1-107-30672-8 010 $a1-107-30892-5 010 $a1-299-25730-5 035 $a(CKB)2560000000098601 035 $a(EBL)1113086 035 $a(OCoLC)828302515 035 $a(SSID)ssj0000834218 035 $a(PQKBManifestationID)11504768 035 $a(PQKBTitleCode)TC0000834218 035 $a(PQKBWorkID)10955134 035 $a(PQKB)10295019 035 $a(UkCbUP)CR9781139208475 035 $a(MiAaPQ)EBC1113086 035 $a(Au-PeEL)EBL1113086 035 $a(CaPaEBR)ebr10661195 035 $a(CaONFJC)MIL456980 035 $a(OCoLC)902739351 035 $a(EXLCZ)992560000000098601 100 $a20111205d2013|||| uy| 0 101 0 $aeng 135 $aur||||||||||| 181 $ctxt$2rdacontent 182 $cc$2rdamedia 183 $acr$2rdacarrier 200 00$aSuccessful agricultural innovation in emerging economies $enew genetic technologies for global food production /$fedited by David J. Bennett, Richard C. Jennings$b[electronic resource] 210 1$aCambridge :$cCambridge University Press,$d2013. 215 $a1 online resource (xxviii, 427 pages) $cdigital, PDF file(s) 300 $aTitle from publisher's bibliographic system (viewed on 05 Oct 2015). 311 $a1-107-02670-9 311 $a1-107-31227-2 320 $aIncludes bibliographical references and index. 327 $aThe issues of plant science and food security. Introduction / David Baulcombe ; Reaping the benefits of plant science for food security / David Baulcombe ; Global population growth, food security and food and farming for the future / Jim M. Dunwell ; New genetic crops in a global context / Gordon Conway and Katy Wilson ; The economic and environmental impact of first-generation biotech crops / Graham Brookes ; Germplasm diversity and genetics to drive plant breeding for Africa / Wayne Powell and Tina Barsby ; Using molecular breeding to improve orphan crops for emerging economies / Ian Graham -- New genetic crops across the emerging world. Introduction / Christopher J. Leaver ; Status of crop biotechnology and biosafety in Africa / Diran Makinde ; Transforming agriculture in Argentina : the role of genetically modified (GM) crops / Eduardo J. Trigo and Eugenio J. Cap ; China : earlier experiences and future prospects / Lu Bao-Rong ; Genetically engineered crops would ensure food security in India / Chavali Kameswara Rao ; Plant genetic improvement and sustainable agriculture / Pamela Ronald ; Nutritional enhancement by biofortification of staple crops / Adrian Dubock ; Transforming the cowpea, an African orphan staple crop grown predominantly by women / Larry Murdock, Idah Sithole-Niang and T.J.V. Higgins ; Transgenic marine algae for aquaculture : a coupled solution for protein sufficiency / Jonathan Gressel -- Lessons learned about implementing new genetics crops in policy. Introduction / Brian Heap ; Enabling factors for an innovation-ready agricultural landscape in African countries / Samuel Burckhardt [and others] ; Regulatory systems and agricultural biotechnology / Mark F. Cantley and Drew L. Kershen ; Biotechnology research for innovation and sustainability in agriculture in the European Union / Alfredo Aguilar [and others] ; Europe, GM crops and food : understanding the past, looking to the future / Martin Porter ; US international engagement in agricultural research and trade / Jack A. Bobo and Roger Beachy -- Social, legal, ethical and political issues. Introduction / David J. Bennett ; Have GM crops and food a future in Europe? / George Gaskell, Sally Stares and Claude Fischler ; Dealing with challenges and societal expectations : the industry's response / Nathalie Moll and Carel du Marchie Sarvaas ; Media and GM : a journalist's challenge / Tim Radford ; The environmental movement's earlier and current viewpoints and positions / Piet Schenkelaars ; Social and ethical issues raised by NGOs and how they can be understood / Richard C. Jennings ; Advancing the cause in emerging economies / Klaus Ammann. 330 $aWorld population is forecast to grow from 7 to 9 billion by 2050, 1 in 6 is already hungry and food production must increase by 70-100% if it is to feed this growing population. No single solution will solve this problem but recent developments in the genetic technologies of plant breeding can help to increase agricultural efficiencies and save people from hunger in a sustainable manner, particularly in African nations where the need is greatest. These advances can rapidly incorporate new traits and tailor existing crops to meet new requirements and also greatly reduce the time and costs taken to improve local crop varieties. This book provides a collected, reliable, succinct review which deals expressly with the successful implementation of the new plant genetic sciences in emerging economies in the context of the interrelated key regulatory, social, ethical, political and trade matters. 606 $aAgriculture$zDeveloping countries 606 $aCrop improvement$zDeveloping countries 606 $aFood crops$xBiotechnology$zDeveloping countries 615 0$aAgriculture 615 0$aCrop improvement 615 0$aFood crops$xBiotechnology 676 $a338.109172/4 702 $aBennett$b David J. 702 $aJennings$b Richard C. 801 0$bUkCbUP 801 1$bUkCbUP 906 $aBOOK 912 $a9910465392603321 996 $aSuccessful agricultural innovation in emerging economies$92486866 997 $aUNINA LEADER 06759 am 2201309 n 450 001 9910294541603321 005 20240105010752.0 010 $a2-7099-2537-0 024 7 $a10.4000/books.irdeditions.18444 035 $a(CKB)4100000007159141 035 $a(FrMaCLE)OB-irdeditions-18444 035 $a(oapen)https://directory.doabooks.org/handle/20.500.12854/40506 035 $a(PPN)267931107 035 $a(EXLCZ)994100000007159141 100 $a20181127j|||||||| ||| 0 101 0 $aspa 135 $auu||||||m|||| 181 $ctxt$2rdacontent 182 $cc$2rdamedia 183 $acr$2rdacarrier 200 10$aAguas del Iténez o Guaporé $eRecursos hidrobiológicos de un patrimonio binacional (Bolivia y Brasil) /$fPaul A. Van Damme, Mabel Maldonado, Marc Pouilly, Carolina R.C. Doria 210 $aMarseille $cIRD Éditions$d2018 215 $a1 online resource (420 p.) 311 $a99954-2-588-2 330 $aBolivia y Brasil comparten una de las cuencas más atractivas y preservadas de la te-giuri amazônica: la cuenca del rio llénez o Guaporé, que escurre tanto sobre el lecho rocoso del Escudo Precámbrico Brasilefto como sobre las Hanuras del Beni. Estas influencias hacen que la cuenca del iténez tenga una elevada heterogeneidad de habitats, una fauna acuálica peculiar y un alto valor de conservation. Este patrimo­nio binacional posée un potencial importante para la conservación de la diversidad regional y cl dcsar rollo sostcniblc participativo de las comunidades locales. El libro contiene un resumen del conotimìento de la cuenca y sus recursos, generado en los últimos 10 anos por un equipo de investigadores bolivianos, brasilefios y de otras nacionalidades. Se presenta una descripeión del medio fisico, así como resultados relevantes sobre la biodiversidad acuática, con énfasis en algas, peces, reptiles y mamíferos. El aporte más notable del libro, adernas de la descripeión ecológica del ecosistema, son las lecciones aprendidas que surgieron de experiências locales sobre la élaboration participativa de herramientas para la gestion de los recursos hidrobiológicos. A Bolívia e o Brasil compartilham uma das bacias hidrográficas mais atrativas e preservadas da região amazônica: a bacia do Rio Iténez ou Guaporé. A combinação das influências do escudo pré-cambriano brasileiro e da planícies do Beni é uma das razões pela qual existem na região elevada heterogeneidade de habitats, fauna aquática peculiar e alto grau valor dc conservação. Eslc patrimônio binacional possui potencial significativo para a conservação da diversidade regional e desenvolvimento sustentável participativo das comunidades locais. O livro contém um resumo do conhecimento da bacia e seus recursos, gerado nos últimos dez anos por uma equipe de pesquisadores bolivianos, brasileiros e de outras nacionalidades. Apresentamos uma descrição do meio físico, bem como resultados relevantes da biodiversidade? 517 $aAguas del Iténez o Guaporé 606 $aAquatic biology$zBolivia 606 $aAquatic biology$zBrazil 610 $aconservación de la naturaleza 610 $amedio ambiente acuático 610 $apesca artesanal 610 $acontaminación química 610 $aárea protegida 610 $aIténez (curso de agua) 610 $aecosistema 610 $avida silvestre 610 $aAmazonia 610 $aBolivia 610 $aalga de agua dulce 615 0$aAquatic biology 615 0$aAquatic biology 676 $a578.76 700 $aA$b Edgar Goitia$01294775 701 $aAguilar$b Fátima$01294776 701 $aAlves De Lima$b Angela P$01294777 701 $aArteaga$b Alfredo$01294778 701 $aAyala$b Rosmery$01294779 701 $aBecerra Cardona$b María del Pilar$01294780 701 $aBrasil De Souza$b Suelen Taciane$01294781 701 $aCamacho$b Jimena$01294782 701 $aCamacho Terrazas$b Jimena$01294783 701 $aCarvajal-Vallejos$b Femando M$01294784 701 $aCarvajal-Vallejos$b Fernando M$01287058 701 $aCastellón Antezana$b Cintya$01294785 701 $aCella-Ribeiro$b Ariana$01294786 701 $aCoca$b Claudia$01294787 701 $aCoca Méndez$b Claudia$01294788 701 $aCórdova$b Leslie$01294789 701 $aCrespo$b Alvaro$01294790 701 $aDe Queiroz$b Luiz J$01294791 701 $aDoria$b Carolina Rodrigues da Costa 701 $aDuprey$b Jean-Louis$01294793 701 $aF$b Mirtha M. Cadima$01294794 701 $aGardon$b Jacques$01294795 701 $aGroombridge$b James$01294796 701 $aGuzmán$b Fabiola$01294797 701 $aHoffmann-Heap$b Isla$01294798 701 $aJégu$b Michel$01294799 701 $aJordan$b William$0170274 701 $aLeyton$b Alex Ovando$01294800 701 $aM$b Mabel Maldonado$01294801 701 $aMallea Cardenas$b Heiddy A$01294802 701 $aMéndez$b Dennis$01294803 701 $aMilare Batistella$b Alexandre$01294804 701 $aMoreno$b Adolfo$01294805 701 $aMuñoz$b Huascar$01294806 701 $aMuñoz Janez$b Hector$01294807 701 $aOliveira Mascarenhas$b Rodrigo de$01294808 701 $aPaco$b Pamela$01294809 701 $aPérez$b Tamara$01294810 701 $aPickles$b Robert S$01294811 701 $aPinto Navarros$b Marcelo S$01294812 701 $aPötter$b Carolina$01294813 701 $aPouilly$b Marc$01294814 701 $aPressinotti$b Leandro N$01294815 701 $aR.C. Doria$b Carolina$01294816 701 $aR.C. Doria$b Carolina$01294816 701 $aRey Ortiz$b Gustavo$01294817 701 $aRöpke$b Cristiana P$01294818 701 $aRubio$b Tatiana Colombo$01294819 701 $aS. Pickles$b Robert$01294820 701 $aSaavedra$b Lucas$01294821 701 $aSalas Peredo$b Roxana$01294822 701 $aSalinas Mendoza$b Adriana$01294823 701 $aSalinas Mendoza$b Adriana M$01294824 701 $aTorrente-Vilara$b Gislene$01294825 701 $aValdivia Aguilar$b Federico E$01294826 701 $aVan Damme$b Paul A$01294827 701 $aVázquez$b Alexander$01294828 701 $aYunoki$b Takayuki$01294829 701 $aZambrana Rojas$b Verónica$01294830 701 $aZeballos$b Joel$01294831 701 $aZuanon$b Jansen A.S$01294832 701 $aVan Damme$b Paul A$01294833 701 $aMaldonado$b Mabel$01294834 701 $aPouilly$b Marc$01294814 701 $aDoria$b Carolina R.C$01294792 801 0$bFR-FrMaCLE 906 $aBOOK 912 $a9910294541603321 996 $aAguas del Iténez o Guaporé$93023291 997 $aUNINA